[Event "St Chely d'Aubrac op 5th"]
[Site "St Chely d'Aubrac"]
[Date "2005.07.11"]
[Round "4"]
[White "Missinger, Karl"]
[Black "Weigel, Marie"]
[Result "0-1"]
[WhiteElo "1099"]
[BlackElo "1600"]
[PlyCount "58"]
[EventDate "2005.07.09"]
[EventType "swiss"]
[EventRounds "9"]
[EventCountry "FRA"]
[SourceTitle "CBM 107 Extra"]
[Source "ChessBase"]
[SourceDate "2005.09.01"]
[SourceVersion "1"]
[SourceVersionDate "2005.09.01"]
[SourceQuality "1"]

1. d4 Nf6 2. e3 d6 3. Nf3 Nbd7 4. Bb5 c6 5. Bd3 e5 6. 0-0 e4 7. Bxe4 Nxe4 8. Bd2 Be7 9. Nc3 Nxd2 10. Qxd2 0-0 11. Qd3 d5 12. e4 dxe4 13. Nxe4 Nf6 14. Nxf6+ Bxf6 15. Ne5 Bxe5 16. dxe5 Qxd3 17. cxd3 Bf5 18. d4 Rad8 19. Rfd1 Rd5 20. Rac1 Rfd8 21. Rc3 Rxe5 22. Rf3 Bg4 23. h3 Bxf3 24. gxf3 Red5 25. Re1 Rxd4 26. b3 Rd1 27. Rxd1 Rxd1+ 28. Kg2 Ra1 29. a4 Ra3 0-1